| 000 | 00739nam a2200265 a 4500 | ||
|---|---|---|---|
| 001 | BRCA_5915 | ||
| 005 | 20190320205249.0 | ||
| 008 | 180311s1928----nyu#######---i000-0#eng-# | ||
| 041 | _aeng | ||
| 044 | _anyu | ||
| 050 | 4 |
_aHG185.C2 _bB36 _c1928 |
|
| 245 | 1 | 0 |
_aThe Canadian Securities Manual. _cBank of Montreal |
| 250 | _a19th. ed. | ||
| 260 |
_aNew York _bThe Montreal Company of New York, Inc. _c1928 |
||
| 300 |
_a123 p. _c17 cm. |
||
| 500 | _aH151 | ||
| 650 | 1 | 4 |
_aFinanzas _zCanada _914949 |
| 650 | 1 | 4 |
_aInstituciones financieras _zCanada _914950 |
| 650 | 1 | 4 |
_aBancos y banca _914951 |
| 650 | 1 | 4 |
_aValores _914952 |
| 651 | 4 |
_aMontreal, Canada. _914953 |
|
| 710 | 2 |
_aBank of Montreal. _914954 |
|
| 902 | _aGFM | ||
| 942 |
_2lcc _cB |
||
| 999 |
_c5604 _d5604 |
||